| 000 -LEADER |
| fixed length control field |
00724cam a22002297a 4500 |
| 003 - CONTROL NUMBER IDENTIFIER |
| control field |
OSt |
| 005 - DATE AND TIME OF LATEST TRANSACTION |
| control field |
20220404142531.0 |
| 008 - FIXED-LENGTH DATA ELEMENTS--GENERAL INFORMATION |
| fixed length control field |
100602s2011 nyuae c 000 0 eng d |
| 020 ## - INTERNATIONAL STANDARD BOOK NUMBER |
| International Standard Book Number |
9780500342671 |
| 020 ## - INTERNATIONAL STANDARD BOOK NUMBER |
| International Standard Book Number |
0500342679 |
| 035 ## - SYSTEM CONTROL NUMBER |
| System control number |
(OCoLC)ocn732605051 |
| 042 ## - AUTHENTICATION CODE |
| Authentication code |
lccopycat |
| 082 ## - DEWEY DECIMAL CLASSIFICATION NUMBER |
| Classification number |
724.7 |
| 245 00 - TITLE STATEMENT |
| Title |
Plans and details for contemporary architects : |
| Remainder of title |
building with color / |
| Statement of responsibility, etc |
edited and designed by The Plan. |
| 260 ## - PUBLICATION, DISTRIBUTION, ETC. (IMPRINT) |
| Place of publication, distribution, etc |
New York : |
| Name of publisher, distributor, etc |
Thames & Hudson, |
| Date of publication, distribution, etc |
2011. |
| 300 ## - PHYSICAL DESCRIPTION |
| Extent |
239 p. : |
| Other physical details |
ill. (chiefly col.) ; |
| Dimensions |
31 cm. |
| 650 #0 - SUBJECT ADDED ENTRY--TOPICAL TERM |
| Topical term or geographic name as entry element |
Color in architecture. |
| 650 #0 - SUBJECT ADDED ENTRY--TOPICAL TERM |
| Topical term or geographic name as entry element |
Architecture, Modern |
| Chronological subdivision |
21st century. |
| 650 #0 - SUBJECT ADDED ENTRY--TOPICAL TERM |
| Topical term or geographic name as entry element |
Architecture, Modern |
| Chronological subdivision |
20th century. |
| 730 0# - ADDED ENTRY--UNIFORM TITLE |
| Uniform title |
Plan (Bologna, Italy) |
| 942 ## - ADDED ENTRY ELEMENTS (KOHA) |
| Source of classification or shelving scheme |
|